Účtovanie a vykazovanie DPH pri zásobách v konsignačnom sklade a komisionárskom predaji v Slovenskej republike diplomová práca

Gespeichert in:
Bibliographische Detailangaben
1. Verfasser: Harvancová, Jana
Körperschaft: Fakulta hospodárskej informatiky EU. Katedra účtovníctva a audítorstva
Weitere Verfasser: Parajka, Branislav, 1981-
Format: Buch
Sprache:Slowakisch
Veröffentlicht: Bratislava 2014
Tags: Tag hinzufügen
Keine Tags, Fügen Sie das erste Tag hinzu!

MARC

LEADER 00000nbm a2200000 4500
001 0188459
005 20170201102807.8
041 0 |a slo 
044 |a SK 
245 1 0 |a Účtovanie a vykazovanie DPH pri zásobách v konsignačnom sklade a komisionárskom predaji v Slovenskej republike  |b diplomová práca  |c Jana Harvancová ; školiteľ: Branislav Parajka 
264 1 |a Bratislava  |c 2014 
300 |a 60 s. 
100 1 |a Harvancová, Jana 
700 1 |a Parajka, Branislav, 1981- 
710 2 |a Fakulta hospodárskej informatiky EU. Katedra účtovníctva a audítorstva